000
00330nam a2200145Ia 4500
008
230718s9999 xx 000 0 und d
041
_a
Eng.
082
_a
320.4
_b
ASL-A
100
_a
Aslang Kaneez
245
2
_a
A New Anthology of
260
_a
Pakistan
_b
Casuan took hou
_c
1993
300
_a
96
650
_a
Law
999
_c
26410
_d
26410